Human ecology : Problems and solutions
Salvato in:
| Autore principale: | |
|---|---|
| Natura: | Libro |
| Lingua: | Undetermined |
| Pubblicazione: |
San Francisco
W. H. freeman
1973
|
| Soggetti: | |
| Tags: |
Aggiungi Tag
Nessun Tag, puoi essere il primo ad aggiungerne! !
|
| Thư viện lưu trữ: | Trung tâm Học liệu Trường Đại học Cần Thơ |
|---|
| LEADER | 00562nam a2200193Ia 4500 | ||
|---|---|---|---|
| 001 | CTU_42966 | ||
| 008 | 210402s9999 xx 000 0 und d | ||
| 082 | |a 301.31 | ||
| 082 | |b E33 | ||
| 100 | |a Ehrlich, Paul R | ||
| 245 | 0 | |a Human ecology : | |
| 245 | 0 | |b Problems and solutions | |
| 245 | 0 | |c Paul R Ehrlich, Ann H Ehrlich, John P Holden | |
| 260 | |a San Francisco | ||
| 260 | |b W. H. freeman | ||
| 260 | |c 1973 | ||
| 650 | |a Environmental policy,Human ecology,Population growth | ||
| 904 | |i Minh | ||
| 980 | |a Trung tâm Học liệu Trường Đại học Cần Thơ | ||